000 00310nam a2200121Ia 4500
008 190216s9999||||xx |||||||||||||| ||und||
100 _aAkkitham Achyuthan Namboodiri
245 0 _aItinju Polinja Lokam (kavitha Samaharam)
260 _bPk Brothers
_c1959
300 _a97p
650 _aKavithkal
942 _cBK
999 _c26461
_d26461